00934cam a22002774a 450000500170000000800410001701000140005802000260007203500130009803700130011104000130012408200110013710000170014824500620016525000110022726000340023827000460027230000530031844000260037150000210039765000360041870000190045494200250047399900170049895201410051520030123082342.0020806s2003 njua b 001 0 eng  aENG-96215 a9788120340367c695.00 aEN-79748 bDBAD/PUB aDPLbEng a005.13 aDeitel, P.J. aC++:cby P.J. Deitel [and] H.M. Deitelbhow to program / a7th ed aNew DelhibPHI Learningc2010 aM-97, Connaught CircusbNew Delhie110001 axxxiii, 1068 p. :b ill. c23 cm (pbk)eDVD-ROM  aHow to program series aIncludes index. aC++ (Computer program language) aDeitel, Harvey 2ddccENh005.13mDEI c36398d36398 00102ddc40718NFICaDBADbDBADd2010-05-03eDBAD/PUBg695.00l0o005.13 DEIpEN-79748r2010-05-31 00:00:00t1v695.00w2010-05-31yEN